LIBRARY ONLINE CATALOGUE

Invertebrate Zoology / (Record no. 2875)

MARC details
000 -LEADER
fixed length control field 00602nam a22002172 4500
001 - CONTROL NUMBER
control field 0000004729
005 - DATE AND TIME OF LATEST TRANSACTION
control field 20151217145821.0
008 - FIXED-LENGTH DATA ELEMENTS--GENERAL INFORMATION
fixed length control field 070528s xx 000 0 eng d
020 ## - INTERNATIONAL STANDARD BOOK NUMBER
International Standard Book Number 0195513681 :
Terms of availability KES 4,499
040 ## - CATALOGING SOURCE
Original cataloging agency KABU
Transcribing agency KABU
050 #0 - LIBRARY OF CONGRESS CALL NUMBER
Classification number QL362
Item number .I58 2001
245 10 - TITLE STATEMENT
Title Invertebrate Zoology /
Statement of responsibility, etc. ed. by D. T. Anderson.
250 ## - EDITION STATEMENT
Edition statement 2nd ed.
260 ## - PUBLICATION, DISTRIBUTION, ETC. (IMPRINT)
Place of publication, distribution, etc. Oxford :
Name of publisher, distributor, etc. OUP,
Date of publication, distribution, etc. 2001.
300 ## - PHYSICAL DESCRIPTION
Extent xi, 4776 p.
650 #0 - SUBJECT ADDED ENTRY--TOPICAL TERM
Topical term or geographic name as entry element Invertebrates.
-- 0000155465
700 1# - ADDED ENTRY--PERSONAL NAME
Personal name Anderson, D. T.
-- 0000155471
908 ## - PUT COMMAND PARAMETER (RLIN)
Put command parameter 070528
950 ## - LOCAL HOLDINGS (RLIN)
-- 1
Holdings
Withdrawn status Lost status Source of classification or shelving scheme Not for loan Home library Current library Date acquired Total Checkouts Full call number Barcode Date last seen Date last checked out Price effective from Koha item type
    Library of Congress Classification   Kabarak, Main Campus Kabarak, Main Campus 17/12/2015 1 QL362 .I58 2001 007316 30/10/2019 29/10/2019 17/12/2015 General Collection
    Library of Congress Classification   Kabarak, Main Campus Kabarak, Main Campus 17/12/2015   QL362 .I58 2001 007314 17/12/2015   17/12/2015 General Collection
    Library of Congress Classification   Kabarak, Main Campus Kabarak, Main Campus 17/12/2015 4 QL362 .I58 2001 007315 06/10/2017 21/09/2017 17/12/2015 General Collection